000 00492nam a22001697a 4500
005 20251108164133.0
008 250721s1982 xx 000 0 ara d
082 1 4 _a210.4/جمع
100 1 _aحماد، جمعة
245 1 0 _aإشارات على طريق العمل الإسلامي /
264 1 _aعمان :
_bدار اللواء للنشر،
_c1982.
300 _a272 ص
650 1 7 _aالإسلام
650 1 7 _aالمقالات الدينية
942 _2ddc
_cBK
999 _c4557
_d4557